| 000 | 00639nam a2200205Ia 4500 | ||
|---|---|---|---|
| 003 | GCL | ||
| 008 | 140319s9999 xx 000 0 ara d | ||
| 040 |
_aGCL / _cGCL |
||
| 082 | 0 | 4 |
_a649.1 _bا ا |
| 100 | 1 | _aاحمد السعيد يونس | |
| 245 | 1 | 0 |
_aالطفل والاسرة غير المكتملة / _cاحمد السعيد يونس |
| 260 |
_a[S.N] : _bدار نهضة مصر للطبع والنشر |
||
| 300 | _aمتعدد | ||
| 490 |
_aسلسلة اضواء على _v0 |
||
| 650 | 0 | 4 | _aالاطفال |
| 650 | 0 | 4 | _aامراض |
| 650 | 0 | 4 | _aطب الاطفال |
| 650 | 0 | 4 | _aالعناية الصحية |
| 942 |
_2ddc _cBK |
||
| 999 |
_c31058 _d31058 |
||